Cuentos de hoy y de mañana (Registro nro. 19881)

Detalles MARC
000 -CABECERA
Longitud fija campo de control 00750cam a22002291 4500
001 - NÚMERO DE CONTROL
Número de control 10328516
003 - IDENTIFICADOR DELl NÚMERO DE CONTROL
Identificador del número de control OSt
005 - FECHA Y HORA DE LA ÚLTIMA TRANSACCIÓN
Fecha y hora de la última transacción 20150324103836.0
008 - CÓDIGOS DE INFORMACIÓN DE LONGITUD FIJA
Códigos de información de longitud fija 750724s1963 xx 000 0 spa
010 ## - NÚMERO DE CONTROL DE LA BIBLIOTECA DEL CONGRESO
Número de control de LC 64039132
040 ## - FUENTE DE LA CATALOGACIÓN
Centro transcriptor BMC
082 ## - NÚMERO DE LA CLASIFICACIÓN DECIMAL DEWEY
Númeroo de clasificación 808.0687284
100 1# - PUNTO DE ACCESO PRINCIPAL-NOMBRE DE PERSONA
Nombre de persona Chávez Velasco, Waldo
9 (RLIN) 29676
245 10 - MENCIÓN DE TÍTULO
Título Cuentos de hoy y de mañana
Mención de responsabilidad, etc. Waldo Chavez Velasco
250 ## - MENCIÓN DE EDICIÓN
Mención de edición 1ª ed
260 ## - PUBLICACIÓN, DISTRIBUCIÓN, ETC. (PIE DE IMPRENTA)
Lugar de publicación, distribución, etc. San Salvador
Nombre del editor, distribuidor, etc. Ministerio de Educación, Dirección General de Publicaciones
Fecha de publicación, distribución, etc. 1963
300 ## - DESCRIPCIÓN FÍSICA
Extensión 103 p.
Dimensiones 19 cm
490 0# - MENCIÓN DE SERIE
Mención de serie Colección Certamen nacional de cultura
Designación de volumen o secuencia 23
586 ## - NOTA DE PREMIOS
Nota de premios Primer premio República de El Salvador VIII Certamen Nacional de Cultura 1962
650 24 - PUNTO DE ACCESO ADICIONAL DE MATERIA - TÉRMINO DE MATERIA
9 (RLIN) 29639
Término de materia o nombre geográfico como elemento inicial Cuentos salvadoreños
942 ## - ENTRADA DE ELEMENTOS AGREGADOS (KOHA)
Fuente de clasificaión o esquema Dewey Decimal Classification
Koha [por defecto] tipo de item 1- Monografias
Parte de clasificación ahoj
Existencias
Suprimido Perdido Fuente de clasificación o esquema Estropeado Restricciones de uso No para préstamo Código de colección Localización permanente Localización actual Localización en estanter&íacute;as Fecha adquisición Fuente de adquisición Número de inventario Préstamos totales Signatura completa Código de barras Fecha última consulta Coste, precio reemplazado Fecha del precio de reemplazo Tipo de item de Koha
NULL NULL Dewey Decimal Classification NULL Prestable NULL NULL Biblioteca Miguel de Cervantes - UNICAES Biblioteca Miguel de Cervantes - UNICAES Sala Principal 06/10/2004 Donación - Mayorga Rivas 029546   C CHA cue 1030199 17/01/2019 18.00 07/04/2015 1- Monografias